| 000 | 00384nam a22001577a 4500 | ||
|---|---|---|---|
| 020 | _a978-1-292-43438-4 | ||
| 082 | _a558.8 | ||
| 100 | _aSolomon, Michael R. | ||
| 245 |
_aMarketing: _bReal People, Real Choices |
||
| 250 | _a11th | ||
| 260 |
_aHarlow: _bPearson, _c2023 |
||
| 300 | _a650p.: ill.; 28cm | ||
| 700 | _aMarshall, Greg W. | ||
| 700 | _aStuart, Elnora W. | ||
| 942 | _cBK | ||
| 999 |
_c22186 _d22186 |
||